Principles of economics / (Record no. 1171)

MARC details
000 -LEADER
fixed length control field 00785cam a22001814a 4500
020 ## - INTERNATIONAL STANDARD BOOK NUMBER
ISBN 0072289627
050 00 - CALL NUMBER
Classification number HB171.5
Item number .F734
100 1# - AUTHOR
Personal name Frank, Robert H.
110 ## - AUTHOR
CORPORATE AUTHOR Bernanke, Ben.
245 10 - TITLE
Title Principles of economics /
Statement of responsibility, etc Robert H. Frank, Bernanke, Ben.
260 ## - PUBLICATION INFORMATION
Place of publication Boston, Mass. :
Name of publisher McGraw-Hill/Irwin,
Year of publication 2001.
300 ## - DESCRIPTION
Number of Pages xl, 834, G-9, I-22 p. :
Other physical details ill. (some col.) ;
Dimensions 29 cm.
500 ## - NOTES
General note Includes index.
505 ## - FORMATTED CONTENTS NOTE
Table of Content Part 1 Introduction<br/>Part 2 Competition and the Invisible Hand<br/>Part 3 Market Imperfections<br/>Part 4 labor market and Public sector<br/>Part 5 Macroeconomics: Issues and Data <br/>Part 6 The economy in the Long Run <br/>Part 7 The economy in the Short Run<br/>Part 8 The International Economy<br/>
650 #0 - SUBJECTS
Topical Term Economics.
700 1# - OTHER AUTHORS
Personal name Bernanke, Ben.
942 ## - ADDED ENTRY ELEMENTS (KOHA)
Koha item type Books
Holdings
Withdrawn status Lost status Home library Current library Shelving location Date acquired Full call number Accession Number Copy number Koha item type
    Methodist University Library Main Methodist University Library Main General Stacks   HB171.5 .F734 14248 1 Books
    Methodist University Library Main Methodist University Library Main General Stacks   HB171.5 .F734 14247 2 Books
    Methodist University Library Main Methodist University Library Main General Stacks   HB171.5 .F734 14249 3 Books
    Methodist University Library Main Methodist University Library Main General Stacks   HB171.5 .F734 14250 4 Books
    Methodist University Library Main Methodist University Library Main General Stacks   HB171.5 .F734 11082 5 Books
    Methodist University Library Main Methodist University Library Main General Stacks   HB171.5 .F734 11084 6 Books
    Methodist University Library Main Methodist University Library Main General Stacks   HB171.5 .F734 14251 7 Books
    Methodist University Library Main Methodist University Library Main General Stacks   HB171.5 .F734 11083 8 Books
Copyright © 2026  MUG Library